Statistics for Who is the footballplayer wearing a mask?

Click here to take the quiz!

General Stats

  • This quiz has been taken 14 times
  • The average score is 12 of 16

Answer Stats

Answer% Correct
Heung-min Son
100%
John Terry
100%
Thiago Silva
100%
Antonio Rüdiger
93%
Robert Lewandowski
93%
Pierre-Emerick Aubameyang
86%
Victor Osimhen
86%
Joško Gvardiol
79%
Mario Mandzukic
71%
César Azpilicueta
64%
Diego Godin
64%
Michael Ballack
64%
Memphis Depay
57%
Thomas Meunier
57%
Demba Ba
21%
Timothy Castagne
21%

Score Distribution

Percentile by Number Answered

Percent of People with Each Score

Your Score History

You have not taken this quiz